In defense of classical tamil / (Record no. 143679)

MARC details
000 -LEADER
fixed length control field 00566nam a22001817a 4500
005 - DATE AND TIME OF LATEST TRANSACTION
control field 20170823105100.0
010 ## - LCCN (DPL NO)
LC control number ENG-119981
020 ## - INTERNATIONAL STANDARD BOOK NUMBER
International Standard Book Number 9788179664353
Terms of availability 100.00
035 ## - SYSTEM CONTROL NUMBER
System control number EN-103513
037 ## - SOURCE OF ACQUISITION
Source of stock number/acquisition DBAD/PUB
082 ## - DEWEY DECIMAL CLASSIFICATION NUMBER
Classification number 494.911
100 ## - MAIN ENTRY--PERSONAL NAME
Personal name Ilakkuvanar, Maraimalai
245 ## - TITLE STATEMENT
Title In defense of classical tamil /
Statement of responsibility, etc by Maraimalai Ilakkuvanar
260 ## - PUBLICATION, DISTRIBUTION, ETC. (IMPRINT)
Place of publication, distribution, etc Chennai
Name of publisher, distributor, etc Emerald Publishers
Date of publication, distribution, etc 2017
270 ## - ADDRESS
Address 15A, First Floor, Casa Major Road, Egmore,
City Chennai
Postal code 600008
300 ## - PHYSICAL DESCRIPTION
Extent 80p. :
Other physical details ill.
Dimensions 22cm(pbk)
942 ## - ADDED ENTRY ELEMENTS (KOHA)
Source of classification or shelving scheme Dewey Decimal Classification
Item type English Books
Classification part 494.911
Call number prefix ILA
Holdings
Withdrawn status Lost status Not for loan Collection code Home library Current library Date acquired Source of acquisition Cost, normal purchase price Full call number Barcode Copy number Cost, replacement price Koha item type
    Not For Loan Non-fiction D.B.Act.Division Bawana 23/08/2017 DBAD/PUB 100.00 494.911 EN-103513 1 100.00 English Books

© Delhi Public Library
Hit Counter
free hit counter